书目信息 |
| 题名: |
三十六计全解 三
|
|
| 作者: | 乔赫水 编 | |
| 分册: | ||
| 出版信息: | 长春 吉林大学出版社 2009.04 |
|
| 页数: | 206页 | |
| 开本: | 23cm | |
| 丛书名: | 理想藏书系列 | |
| 单 册: | ||
| 中图分类: | E892.2 | |
| 科图分类: | ||
| 主题词: | 兵法--bingfa--中国--古代 , 三十六计--sanshiliuji--译文 , 三十六计--sanshiliuji--注释 | |
| 电子资源: | ||
| ISBN: | 978-7-5601-4178-7 | |
| 000 | 009361094n220028903045 | |
| 001 | 012008018907 | |
| 005 | 20110523070200.56 | |
| 010 | @a978-7-5601-4178-7@dCNY69.50 | |
| 100 | @a20090803d2009 em y0chiy0121 ea | |
| 101 | 0 | @achi |
| 102 | @aCN@b220000 | |
| 105 | @aa z 000yy | |
| 106 | @ar | |
| 200 | 1 | @a三十六计全解 三@Asan shi liu ji quan jie san@f乔赫水编 |
| 210 | @a长春@c吉林大学出版社@d2009.04 | |
| 215 | @a206页@d23cm | |
| 225 | 2 | @a理想藏书系列@Alixiangcangshujilie |
| 330 | @a本书以《易》演兵、成语概括、战例说明,推演论证了奇正之变、真假之变、虚实之变、进退之变、刚柔之变等诸多谋略。 | |
| 410 | 0 | @12001 @a理想藏书系列 |
| 606 | 0 | @a兵法@Abingfa@y中国@z古代 |
| 606 | 0 | @a三十六计@Asanshiliuji@x译文 |
| 606 | 0 | @a三十六计@Asanshiliuji@x注释 |
| 690 | @aE892.2@v5 | |
| 701 | 0 | @a乔赫水@Aqiao he shui@4编 |
| 801 | 0 | @aCN@b书仕Marc@c20110523 |
| 905 | @aBZT@dE892.2@e1-3 | |
| 906 | @dCNY69.50(278.00?n0@r1 | |
| 三十六计全解 三/乔赫水编.-长春:吉林大学出版社,2009.04 |
| 206页;23cm.-(理想藏书系列) |
| ISBN 978-7-5601-4178-7:CNY69.50 |
| 本书以《易》演兵、成语概括、战例说明,推演论证了奇正之变、真假之变、虚实之变、进退之变、刚柔之变等诸多谋略。 |
| ● |
| 相关链接 |
|
|
|
正题名:三十六计全解 三
索取号:E892.2/1-3
 
预约/预借
| 序号 | 登录号 | 条形码 | 馆藏地/架位号 | 状态 | 备注 |
| 1 | 777487 | 2000777487 | 中心书库北库/ 北库005架A面4列6层25/ [索取号:E892.2/1-3] | 在馆 | |
| 2 | 777488 | 2000777488 | 中心书库北库/ 北库005架A面4列6层23/ [索取号:E892.2/1-3] | 在馆 | |
| 3 | 777489 | 2000777489 | 中心书库北库/ 北库005架A面4列6层22/ [索取号:E892.2/1-3] | 在馆 | |
| 4 | 777490 | 2000777490 | 中心书库北库/ 北库005架A面4列6层34/ [索取号:E892.2/1-3] | 在馆 | |
| 5 | 777491 | 2000777491 | 中心书库北库/ 北库005架A面4列6层24/ [索取号:E892.2/1-3] | 在馆 | |
| 6 | 777492 | 2000777492 | 中心书库北库/ 北库005架A面1列5层2/ [索取号:E892.2/1-3] | 在馆 |